Threshold pressure in gas storage /

Bibliographic Details
Main Author: Ibrahim, Maher A.
Corporate Authors: American Gas Association. Pipeline Research Committee, University of Michigan
Other Authors: Tek, M. R. (Mehmet Rasin), 1927-, Katz, Donald L. (Donald La Verne), 1907-1989
Format: Book
Language:English
Published: Arlington, Va. : American Gas Association, 1970
Subjects:

MARC

Tag First Indicator Second Indicator Subfields
LEADER 00000cam a2200000 a 4500
001 in00000078708
005 20191019063535.0
008 731114c19701971vaua b 00110 engm
010 |a  74145757  
035 |a (OCoLC)00750755 
035 |9 AAH8998AM 
037 |c $6.00 
040 |a DLC  |c DLC  |d m.c.  |d TXA  |d UtOrBLW 
049 |a TXAM  |c [1654701] 
050 0 0 |a TP756.5  |b .I25 
082 0 |a 665/.74 
100 1 |a Ibrahim, Maher A. 
245 1 0 |a Threshold pressure in gas storage /  |c Maher A. Ibrahim, M. Rasin Tek, Donald L. Katz. 
264 1 |a Arlington, Va. :  |b American Gas Association,  |c 1970 
264 4 |c ©1971 
300 |a ix, 309 pages :  |b illustrations ;  |c 29 cm. 
336 |a text  |b txt  |2 rdacontent 
337 |a unmediated  |b n  |2 rdamedia 
338 |a volume  |b nc  |2 rdacarrier 
500 |a "[Prepared under] project 26-47 of the Pipeline Research Committee, American Gas Association at the University of Michigan." 
504 |a Includes bibliographical references and index. 
650 0 |a Natural gas  |x Underground storage. 
650 0 |a Pressure. 
700 1 |a Tek, M. R.  |q (Mehmet Rasin),  |d 1927- 
700 1 |a Katz, Donald L.  |q (Donald La Verne),  |d 1907-1989. 
710 2 |a American Gas Association.  |b Pipeline Research Committee. 
710 2 |a University of Michigan. 
999 |a MARS 
999 f f |s 198ff41f-a14a-3fcc-b443-244e5813d18b  |i 19d2a417-4ede-3736-87dd-b36854911fe6  |t 0 
952 f f |p ric  |a Texas A&M University  |b Rellis Campus  |c Joint Library Facility  |d Remote Storage  |t 0  |e TP756.5 .I25  |h Library of Congress classification  |i unmediated -- volume  |m A14806257628 
998 f f |a TP756.5 .I25  |t 0  |l Remote Storage